000 00393nam a2200109Ia 4500
008 171204s9999 xx 000 0 und d
245 4 _aThe Neuropsychology Of The Unconscious: Integrating Brain And Mind In Psychotherapy:
245 _cAllan N. Schore and Efrat Ginot
260 _c2015
650 _xNEUROPSYCHOLOGY
856 _uhttp://down.ebook777.com/024/TheNeuOfTheUncIntBraAndMinInPsy.rar
999 _c346462
_d346462